| 000 | 01102nam a2200253 a 4500 | ||
|---|---|---|---|
| 001 | 000704812 | ||
| 003 | AM-YeHGA | ||
| 005 | 20250617161033.0 | ||
| 008 | 091222s1963 ||||||||||||||||||||rus d | ||
| 040 | _aAM-YeHGA | ||
| 041 | 1 |
_arus _heng |
|
| 245 | 0 | 0 |
_aЩитовидная железа : _bФизиология и клиника; Пер. с англ. / _cПод ред. С. Вернера; Пер. Д.С. Тендлер, Н.А. Емельянова; Под ред. Е.Н. Сперанской . |
| 246 | 1 | 1 | _aThe Thyroid a Fundamental and Clinical Text |
| 260 |
_aЛенинград : _bМедгиз, _c1963. |
||
| 300 |
_a451 с. : _bил. |
||
| 534 |
_pОригинал на англ. : _iThe Thyroid a Fundamental and Clinical Text / _aEdited by C. Werner - _c1957 . |
||
| 650 | 1 | 4 | _aФизиология |
| 650 | 1 | 4 | _aЩитовидная железа |
| 700 | 1 |
_aВернер, С. _eред. _4edt |
|
| 700 | 1 |
_aСперанская, Е.Н. _eред. _4ред. |
|
| 700 | 1 |
_aТендлер, Д.С. _eпер. _4trl |
|
| 700 | 1 |
_aЕмельянова, Н.А. _eпер. _4trl |
|
| 090 | _c467636 | ||
| 999 |
_c464443 _d464443 |
||